| 000 | 00602nam a2200169 a 4500 | ||
|---|---|---|---|
| 008 | 120416s1963 ||||||||||||||||| || u | ||
| 020 | _a0070048444 | ||
| 050 | _aQD 63.S4 Ber | ||
| 100 | _aBerg, Eugene W | ||
| 245 | 1 | 0 | _aPhysical and chemical methods of separation |
| 260 |
_aNew York _bMcGraw-Hill _c1963 |
||
| 300 | _axvi, 366p. : ill. | ||
| 350 | _a0.00 | ||
| 650 | 0 | _aCHEMISTRY--HANDBOOKS, MANUALS, ETC | |
| 650 | _aCHEMICAL PROCESSES | ||
| 995 |
_D0.00 _FCBU-MAIN LIBRARY (Kitwe) _H1 _I7.45 _M1 _UAVAILABLE _ZAnnex Low-Usage Collection |
||
| 999 |
_c53533 _d53533 |
||